Finančné a komoditné deriváty na medzinárodných finančných trhoch diplomová práca

Enregistré dans:
Détails bibliographiques
Auteur principal: Böhmer, Richard
Collectivité auteur: Fakulta medzinárodných vzťahov EU. Katedra medzinárodných ekonomických vzťahov a hospodárskej diplomacie
Autres auteurs: Jančíková, Eva, 1960-
Format: Livre
Langue:slovaque
Publié: Bratislava 2015
Tags: Ajouter un tag
Pas de tags, Soyez le premier à ajouter un tag!

MARC

LEADER 00000nbm a2200000 4500
001 0201147
005 20161212095950.8
041 0 |a slo 
044 |a SK 
245 1 0 |a Finančné a komoditné deriváty na medzinárodných finančných trhoch  |b diplomová práca  |c Richard Böhmer ; školiteľ: Eva Jančíková 
264 1 |a Bratislava  |c 2015 
300 |a 69 s. 
100 1 |a Böhmer, Richard 
700 1 |a Jančíková, Eva, 1960- 
710 2 |a Fakulta medzinárodných vzťahov EU. Katedra medzinárodných ekonomických vzťahov a hospodárskej diplomacie